South Eastern Kenya University

Library Online Public Access Catalogue


Introduction to the chemistry of food / (Record no. 18610)

MARC details
000 -LEADER
fixed length control field 00949cam a2200277 i 4500
001 - CONTROL NUMBER
control field 21100280
003 - CONTROL NUMBER IDENTIFIER
control field OSt
005 - DATE AND TIME OF LATEST TRANSACTION
control field 20250909090921.0
008 - FIXED-LENGTH DATA ELEMENTS--GENERAL INFORMATION
fixed length control field 190724s2020 enka b 001 0 eng
010 ## - LIBRARY OF CONGRESS CONTROL NUMBER
LC control number 2019946820
020 ## - INTERNATIONAL STANDARD BOOK NUMBER
International Standard Book Number 9780128094341
Qualifying information (paperback)
035 ## - SYSTEM CONTROL NUMBER
System control number 21100280
040 ## - CATALOGING SOURCE
Original cataloging agency SEKU
050 00 - LIBRARY OF CONGRESS CALL NUMBER
Classification number TX545
Item number .Z44 2020
100 1# - MAIN ENTRY--PERSONAL NAME
Personal name Zeece, Michael,
Relator term author.
245 10 - TITLE STATEMENT
Title Introduction to the chemistry of food /
Statement of responsibility, etc. Michael Zeece, Professor Emeritus, Department of Food Science, University of Nebraska, Lincoln, Nebraska, United States.
264 #1 - PRODUCTION, PUBLICATION, DISTRIBUTION, MANUFACTURE, AND COPYRIGHT NOTICE
Place of production, publication, distribution, manufacture London [England] ;
-- San Diego, CA :
Name of producer, publisher, distributor, manufacturer Academic Press,
Date of production, publication, distribution, manufacture, or copyright notice [2020]
300 ## - PHYSICAL DESCRIPTION
Extent xi, 418 pages :
Other physical details illustrations ;
Dimensions 23 cm
336 ## - CONTENT TYPE
Content type term text
Content type code txt
Source rdacontent
337 ## - MEDIA TYPE
Media type term unmediated
Media type code n
Source rdamedia
338 ## - CARRIER TYPE
Carrier type term volume
Carrier type code nc
Source rdacarrier
504 ## - BIBLIOGRAPHY, ETC. NOTE
Bibliography, etc Includes bibliographical references and index.
650 #0 - SUBJECT ADDED ENTRY--TOPICAL TERM
Topical term or geographic name as entry element Food
General subdivision Analysis.
650 #0 - SUBJECT ADDED ENTRY--TOPICAL TERM
Topical term or geographic name as entry element Food
General subdivision Composition.
942 ## - ADDED ENTRY ELEMENTS (KOHA)
Source of classification or shelving scheme Library of Congress Classification
Koha item type General circulation
Holdings
Withdrawn status Lost status Source of classification or shelving scheme Damaged status Not for loan Home library Current library Date acquired Source of acquisition Total Checkouts Full call number Barcode Date last seen Price effective from Koha item type
    Library of Congress Classification     Main Campus Library Main Campus Library 09/09/2025 Purchase   TX545 .Z44 2020 2025/028730 09/09/2025 09/09/2025 General circulation
Kitui, Kenya.
+254736116989
library@seku.ac.ke